ბათუმის შოთა რუსთაველის სახელმწიფო უნივერსიტეტის ბიბლიოთეკა

Дата Туташхиа / (ბიბ.ჩანაწერი № 36288)

000 -LEADER
fixed length control field 00600nam a2200205Ia 4500
001 - CONTROL NUMBER
control field 2195
003 - CONTROL NUMBER IDENTIFIER
control field GE_BSU
005 - DATE AND TIME OF LATEST TRANSACTION
control field 20221021113058.0
008 - FIXED-LENGTH DATA ELEMENTS--GENERAL INFORMATION
fixed length control field 181216s1979ru xx |||||||||||||| ||rus||
040 ## - CATALOGING SOURCE
Transcribing agency GE_BSU
041 ## - LANGUAGE CODE
Language code of text/sound track or separate title rus
080 ## - UNIVERSAL DECIMAL CLASSIFICATION NUMBER
Universal Decimal Classification number 821.353.1-31 А-62
100 ## - MAIN ENTRY--PERSONAL NAME
Personal name Амиредживи, Чабуа.
9 (RLIN) 15417
245 ## - TITLE STATEMENT
Title Дата Туташхиа /
Statement of responsibility, etc. Чабуа Амиредживи.
264 ## - PRODUCTION, PUBLICATION, DISTRIBUTION, MANUFACTURE, AND COPYRIGHT NOTICE
Place of production, publication, distribution, manufacture Тбилиси :
Name of producer, publisher, distributor, manufacturer Мерани,
Date of production, publication, distribution, manufacture, or copyright notice 1979.
300 ## - PHYSICAL DESCRIPTION
Extent 736 стр.:
Other physical details 20 см.
653 ## - INDEX TERM--UNCONTROLLED
keyword Дата Туташхиа
653 ## - INDEX TERM--UNCONTROLLED
keyword დათა თუთაშხია
942 ## - ADDED ENTRY ELEMENTS (KOHA)
Koha item type წიგნი
Source of classification or shelving scheme
ეგზემპლარები
Withdrawn status Lost status Source of classification or shelving scheme Damaged status Not for loan Permanent Location Current Location Shelving location Date acquired Cost, normal purchase price Full call number Barcode Date last seen Copy number Price effective from Koha item type Public note
          ბათუმის შოთა რუსთაველის სახელმწიფო უნივერსიტეტის მთავარი ბიბლიოთეკა ბათუმის შოთა რუსთაველის სახელმწიფო უნივერსიტეტის მთავარი ბიბლიოთეკა წიგნსაცავი 2018-12-17 18.00 821.353.1-31 А-62 4345 2018-12-17 4345 2018-12-17 წიგნი 18.00